000 01141nam0a22002411 4500
001 rc\2854187
005 20250529205105.0
035 _a(NLR Aleph) 007008895
090 _a5794267
_c5794267
100 _a20110706d1930 |||y0rusy50 ca
101 0 _arus
102 _aRU
105 _ay z |||||
200 1 _aРезолюции Второго Ленинградского областного съезда Союза совторгслужащих
_f(Стеногр. доклад т. Позерна)
_e30-го дек. 1929 г. - 5-го янв. 1930 г.
_gЛенингр. обл. отд. Профсоюза совторгслужащих
210 _aЛенинград
_cЛенингр. обл. отд. Профсоюза совторгслужащих
_d1930
_gтип. "Наука и труд"
215 _a125 с.
_d17х12 см
702 1 _aПозерн
_4570
710 0 2 _aСоюз советских и торговых служащих СССР
_bЛенинградский областной съезд
_d2
_f1929-1930
801 0 _aRU
_bNLR
_gpsbo
801 1 _aRU
_bELAR
_2rusmarc
852 _aNLR
_j30.8/8424
942 _cBOOK
980 _aNB